Cotton / (Record no. 9454)
[ view plain ]
| 000 -LEADER | |
|---|---|
| fixed length control field | 00315nam a22001097a 4500 |
| 020 ## - INTERNATIONAL STANDARD BOOK NUMBER | |
| International Standard Book Number | 9781107000223 |
| 050 ## - LIBRARY OF CONGRESS CALL NUMBER | |
| Classification number | HD 9870.5 |
| Item number | .R5 |
| 245 ## - TITLE STATEMENT | |
| Title | Cotton / |
| Remainder of title | The fabric that made the modern world. |
| Statement of responsibility, etc. | Giorgio Riello. |
| 260 ## - PUBLICATION, DISTRIBUTION, ETC. (IMPRINT) | |
| Place of publication, distribution, etc. | Cambridge : |
| Name of publisher, distributor, etc. | Cambridge University Press , |
| Date of publication, distribution, etc. | 2013. |
| 300 ## - PHYSICAL DESCRIPTION | |
| Extent | 407p. : ill. |
| 942 ## - ADDED ENTRY ELEMENTS (KOHA) | |
| Source of classification or shelving scheme | Library of Congress Classification |
| Koha item type | General circulation |
| Withdrawn status | Lost status | Source of classification or shelving scheme | Damaged status | Not for loan | Home library | Current library | Shelving location | Date acquired | Source of acquisition | Total Checkouts | Full call number | Barcode | Date last seen | Price effective from | Koha item type | Public note |
|---|---|---|---|---|---|---|---|---|---|---|---|---|---|---|---|---|
| Library of Congress Classification | Main Campus Library | Main Campus Library | General Stacks | 14/10/2015 | Donation-Books for Africa | HD 9870.5 .R5 | 2015/008015 | 14/10/2015 | 14/10/2015 | General circulation | NCH |